000 00828nam a2200241 u 4500
005 20260206064040.0
008 110204s2010 es r 000 0 spa d
020 _a9788427716889
035 _aUPN01000179256
049 _aCG
050 4 _aLB1028.46
_bR8.2
100 1 _aRuiz Dávila, María
_942570
245 1 0 _aAprendiendo con videojuegos :
_bjugar es pensar dos veces /
_cMaría Ruiz Dávila, Beatriz Díaz Tejero ; coord. Eloísa Montero Pascual.
260 _aMadrid :
_bMinisterio de Educación :
_bNarcea,
_cc2010.
300 _a164 p. :
_bil.
440 0 _aEducación hoy
650 4 _aComputadoras en la educación
_94976
650 4 _aTecnología educativa
_94978
650 4 _aVideojuegos
_916045
700 1 _aDíaz Tejero, Beatriz,
_ecoaut.
700 1 _aMontero Pascual, Eloísa,
_ecoord.
905 _aLibro
999 _c151359
_d151359